| 000 | 00375nam a22001217a 4500 | ||
|---|---|---|---|
| 082 | _a220 PRO | ||
| 100 |
_aBASIT,AZKAR,AETSAM _971903 |
||
| 245 | _aPR-SOF-1380-DESIGN AND DEVELOPMENT OF WASTE HEAT RECOVERY BASED HV AC SYSTEM AT KOHAT TEXTILE MILLS | ||
| 260 |
_aISLAMABAD _bNUST COLLEGE OF EME _c2014 |
||
| 650 | _a DE-MECH-32 | ||
| 700 |
_aAHMED SOHAIL _919076 |
||
| 942 | _cCR | ||
| 999 |
_c578172 _d578172 |
||